01592nam a2200301Ia 4500952011600000952011700116999001700233008004100250020001500291050002800306100002900334240005000363245016000413250001900573260004100592300003800633500005700671505024900728519004500977519004401022650004001066650003401106650004101140700002801181700002401209700004501233942001201278 00104070a04b04d2010-04-23l1oQA76.9.M35 K6518 1997p04 002747r2014-02-13s2014-01-30t1w2012-06-24yLB 00102lcc4070a03b03d2001-05-15l1oQA76.9M35 K64 1997p03 001941r2013-08-16s2013-08-15t1w2012-07-20yLB c62580d62580120625s1997 mx 001 0 sp d a9688807990 4aQA76.9.M35 bK6518 19971 aKolman, Bernard eautor 10aDiscrete Mathematical Structures lEspañol 10aEstructuras de matemáticas discretas para la computación c / Bernard Kolman, Robert C. Busby, Sharon Ross ; traducción Oscar Alfredo Palmas Velasco  a3a. edición  aMéxicob : Prentice Hall c, 1997  axviii, 524 páginas c ; 23 cm.  aTítulo original: Discrete Mathematical Structures 0 aConceptos fundamentales Lógica Conteo Relaciones y digrafos Funciones Temas de la teoría de gráficas Relaciones y estructuras de orden Árboles Semigrupos y grupos Lenguajes y máquinas de estado finito Grupos y codificación  aMaterial Complementario / d(04 002747)  aMaterial Complementario / d(03 001941) 4aCOMPUTADORAS ELECTRONICAS DIGITALES 4aCOMPUTACIÓNxMATEMÁTICAS  4aPROCESAMIENTO ELECTRÓNICO DE DATOS10aBusby, Robert C.eautor10aRoss, Sharoneautor10aPalmas Velasco, Oscar Alfredoctraductor cLB2lcc